[Event "Titled Tuesday intern op 25th Oct Late"]
[Site "Chess.com INT"]
[Date "2022.10.25"]
[Round "2"]
[White "Novik, Maxim"]
[Black "Jensen, Matthew R"]
[Result "1-0"]
[WhiteElo "2412"]
[BlackElo "2015"]
[PlyCount "55"]
[EventDate "2022.10.25"]
[EventType "swiss (blitz)"]
[EventRounds "11"]
[EventCountry "USA"]
[SourceTitle "EXT 2024"]
[Source "ChessBase"]
[SourceDate "2023.10.10"]
[SourceVersion "1"]
[SourceVersionDate "2023.10.10"]
[SourceQuality "1"]

1. e4 c6 2. d4 d5 3. exd5 cxd5 4. Bd3 Nc6 5. c3 Qc7 6. h3 e6 7. Nf3 Bd6 8. 0-0 Nge7 9. Re1 Ng6 10. Qe2 0-0 11. b3 f6 12. c4 Nce7 13. g3 Bb4 14. Rd1 Nf5 15. c5 Ba5 16. a3 Qf7 17. b4 Bc7 18. Nc3 Rd8 19. Re1 e5 20. dxe5 fxe5 21. Ng5 Qf6 22. Nxd5 Rxd5 23. Bc4 Be6 24. Nxe6 Qxe6 25. Qe4 Rad8 26. Bg5 R8d7 27. Rad1 Nd4 28. Rxd4 1-0

[Event "Titled Tuesday intern op 11th Oct Late"]
[Site "Chess.com INT"]
[Date "2022.10.11"]
[Round "4"]
[White "Jensen, Matthew R"]
[Black "Diaz Rosas, Julio Cesar"]
[Result "0-1"]
[WhiteElo "2015"]
[BlackElo "2316"]
[PlyCount "66"]
[EventDate "2022.10.11"]
[EventType "swiss (blitz)"]
[EventRounds "11"]
[EventCountry "USA"]
[SourceTitle "EXT 2024"]
[Source "ChessBase"]
[SourceDate "2023.10.10"]
[SourceVersion "1"]
[SourceVersionDate "2023.10.10"]
[SourceQuality "1"]

1. d4 Nf6 2. c4 g6 3. Nc3 d5 4. Bd2 c5 5. cxd5 Nxd5 6. dxc5 Bg7 7. Nf3 0-0 8. e4 Nxc3 9. Bxc3 Bxc3+ 10. bxc3 Qa5 11. Qb3 Nc6 12. Be2 Be6 13. Qc2 Qxc5 14. 0-0 Rac8 15. Rac1 Bg4 16. Rfd1 Bxf3 17. Bxf3 e6 18. Qb3 b6 19. Be2 Rfd8 20. h4 h5 21. g4 hxg4 22. Bxg4 Kg7 23. Kg2 Qe5 24. f3 Qf4 25. Qc2 Ne5 26. Qe2 Rxd1 27. Rxd1 Rxc3 28. Qb2 Qe3 29. h5 Nxg4 30. fxg4 Qxe4+ 31. Kf2 Qf3+ 32. Ke1 Qg3+ 33. Kd2 Qe3# 0-1

[Event "Titled Tuesday intern op 11th Oct Late"]
[Site "Chess.com INT"]
[Date "2022.10.11"]
[Round "11"]
[White "Jensen, Matthew R"]
[Black "Melikhov, Evgeny V"]
[Result "0-1"]
[WhiteElo "2015"]
[BlackElo "2269"]
[PlyCount "83"]
[EventDate "2022.10.11"]
[EventType "swiss (blitz)"]
[EventRounds "11"]
[EventCountry "USA"]
[SourceTitle "EXT 2024"]
[Source "ChessBase"]
[SourceDate "2023.10.10"]
[SourceVersion "1"]
[SourceVersionDate "2023.10.10"]
[SourceQuality "1"]

1. d4 Nf6 2. c4 e6 3. g3 d5 4. Bg2 dxc4 5. Qa4+ Bd7 6. Qxc4 Bc6 7. Nf3 Qd5 8. Qxd5 Bxd5 9. Nc3 Bb4 10. 0-0 Bxc3 11. bxc3 0-0 12. Nd2 Bxg2 13. Kxg2 c5 14. Ba3 Rc8 15. Bxc5 Na6 16. Be7 Rxc3 17. Bxf6 gxf6 18. Ne4 Rc2 19. Nxf6+ Kf8 20. Nxh7+ Ke7 21. e3 f6 22. Rfb1 b6 23. Rb5 Rh8 24. Rh5 Nb4 25. Nxf6 Rxh5 26. Nxh5 Nxa2 27. Nf4 b5 28. d5 e5 29. Nd3 e4 30. Nc5 b4 31. Nxe4 b3 32. Rb1 b2 33. Kf1 a5 34. Ke1 a4 35. h4 Rc1+ 36. Ke2 Rxb1 37. Nd2 Rc1 38. h5 Rc2 39. h6 Rxd2+ 40. Kxd2 b1Q 41. f3 Qg6 42. e4 0-1

[Event "Titled Tuesday intern op 11th Oct Late"]
[Site "Chess.com INT"]
[Date "2022.10.11"]
[Round "8"]
[White "Jensen, Matthew R"]
[Black "Vega Gutierrez, Sabrina Neide"]
[Result "0-1"]
[WhiteElo "2015"]
[BlackElo "2361"]
[PlyCount "138"]
[EventDate "2022.10.11"]
[EventType "swiss (blitz)"]
[EventRounds "11"]
[EventCountry "USA"]
[SourceTitle "EXT 2024"]
[Source "ChessBase"]
[SourceDate "2023.10.10"]
[SourceVersion "1"]
[SourceVersionDate "2023.10.10"]
[SourceQuality "1"]

1. d4 d5 2. c4 e6 3. g3 c6 4. b3 Nf6 5. Nf3 Be7 6. Bg2 0-0 7. 0-0 b6 8. Nbd2 c5 9. Bb2 Bb7 10. Re1 Nc6 11. Rc1 Rc8 12. e3 cxd4 13. Nxd4 Nxd4 14. Bxd4 Bb4 15. Re2 Qe7 16. Nf3 Ne4 17. Rec2 Ba3 18. Rb1 dxc4 19. Rxc4 Rxc4 20. bxc4 Rc8 21. Qd3 f6 22. Nh4 f5 23. Nf3 Bc5 24. Ne5 Rd8 25. Rd1 Ng5 26. Qf1 Bxd4 27. exd4 Bxg2 28. Qxg2 Ne4 29. f3 Nc3 30. Nc6 Qd6 31. Nxd8 Nxd1 32. Qd2 Qxd8 33. Qxd1 Qc7 34. Qd3 Qd6 35. Kg2 Kf7 36. h4 g6 37. h5 Qb4 38. hxg6+ hxg6 39. Qc2 Qd6 40. Qd3 a6 41. Qc2 Qxd4 42. Qb3 Kf6 43. Qa4 Qd2+ 44. Kh3 Qe1 45. Kg2 Qe2+ 46. Kh3 Qxf3 47. Kh2 Qf2+ 48. Kh3 Qf1+ 49. Kh2 Qe2+ 50. Kg1 Kg5 51. Qe8 Kg4 52. Qxg6+ Kf3 53. Qh5+ Ke3 54. Qg5+ Kd3 55. Qf4 Qe3+ 56. Qxe3+ Kxe3 57. Kg2 Kd4 58. Kf3 Kxc4 59. Kf4 Kd5 60. a3 b5 61. Ke3 a5 62. Kf4 b4 63. axb4 axb4 64. Ke3 b3 65. Kd3 b2 66. Kc2 Ke4 67. Kxb2 Kf3 68. Kc3 Kxg3 69. Kd4 f4 0-1

[Event "Titled Tuesday intern op 04th Oct Late"]
[Site "Chess.com INT"]
[Date "2022.10.04"]
[Round "5"]
[White "Dardha, Arben"]
[Black "Jensen, Matthew R"]
[Result "1-0"]
[WhiteElo "2223"]
[BlackElo "2015"]
[PlyCount "83"]
[EventDate "2022.10.04"]
[EventType "swiss (blitz)"]
[EventRounds "11"]
[EventCountry "USA"]
[SourceTitle "EXT 2023"]
[Source "ChessBase"]
[SourceDate "2022.10.05"]
[SourceVersion "1"]
[SourceVersionDate "2022.10.05"]
[SourceQuality "1"]

1. e4 c6 2. d4 d5 3. Nd2 dxe4 4. Nxe4 Nf6 5. Ng3 h5 6. Bd3 h4 7. Ne4 h3 8. g3 Qxd4 9. Be3 Qxb2 10. Rb1 Qe5 11. Nf3 Qa5+ 12. Bd2 Qd8 13. Nxf6+ gxf6 14. Qe2 Nd7 15. 0-0 e5 16. Bc3 Qc7 17. Bf5 Bd6 18. Rfd1 Nb6 19. Qd3 Nd5 20. Ba1 Bxf5 21. Qxf5 Qd7 22. Qd3 0-0-0 23. c4 Nc7 24. Qb3 Na6 25. Qa4 Qc7 26. Nd2 Bc5 27. Ne4 Rxd1+ 28. Rxd1 Rd8 29. Rb1 Rd4 30. Nxc5 Nxc5 31. Qxa7 Na6 32. Bxd4 exd4 33. Qxd4 Qa5 34. Qg4+ Kb8 35. Qxh3 Qxa2 36. Qf1 Nc5 37. h4 Ne6 38. Qd1 Nd4 39. Ra1 Qxc4 40. Ra4 Ne2+ 41. Kg2 Qb5 42. Qd8# 1-0

[Event "Titled Tuesday intern op 04th Oct Late"]
[Site "Chess.com INT"]
[Date "2022.10.04"]
[Round "2"]
[White "Jensen, Matthew R"]
[Black "Ekdyshman, Mikhail"]
[Result "0-1"]
[WhiteElo "2015"]
[BlackElo "2264"]
[PlyCount "88"]
[EventDate "2022.10.04"]
[EventType "swiss (blitz)"]
[EventRounds "11"]
[EventCountry "USA"]
[SourceTitle "EXT 2023"]
[Source "ChessBase"]
[SourceDate "2022.10.05"]
[SourceVersion "1"]
[SourceVersionDate "2022.10.05"]
[SourceQuality "1"]

1. d4 c5 2. d5 Nf6 3. c4 b5 4. Nd2 Bb7 5. e4 bxc4 6. Bxc4 e6 7. Ngf3 exd5 8. exd5 Qe7+ 9. Kf1 Nxd5 10. Qb3 Nb6 11. Be2 Qe6 12. Nc4 Be7 13. Ng5 Bxg2+ 14. Kxg2 Qxe2 15. Nxb6 Qg4+ 16. Kf1 axb6 17. Qxf7+ Kd8 18. Qd5 Nc6 19. Nf7+ Kc7 20. Nxh8 Rxh8 21. Rg1 Qh3+ 22. Ke2 Rf8 23. Be3 Bf6 24. Bf4+ Kc8 25. Rad1 Re8+ 26. Be3 Nd4+ 27. Rxd4 Rxe3+ 28. fxe3 cxd4 29. Qa8+ Kc7 30. Qa7+ Kc6 31. Qa8+ Kd6 32. Qb8+ Ke7 33. exd4 Bxd4 34. Qg3 Qh5+ 35. Qg4 Qb5+ 36. Kf3 Qd5+ 37. Qe4+ Qxe4+ 38. Kxe4 Bxg1 39. Kd5 d6 40. h3 g6 41. b4 Be3 42. b5 Kd7 43. a4 Bd2 44. Ke4 Ba5 0-1

[Event "Titled Tuesday intern op 04th Oct Late"]
[Site "Chess.com INT"]
[Date "2022.10.04"]
[Round "1"]
[White "Jensen, Matthew R"]
[Black "Mihajlov, Sebastian"]
[Result "0-1"]
[WhiteElo "2015"]
[BlackElo "2375"]
[PlyCount "62"]
[EventDate "2022.10.04"]
[EventType "swiss (blitz)"]
[EventRounds "11"]
[EventCountry "USA"]
[SourceTitle "EXT 2023"]
[Source "ChessBase"]
[SourceDate "2022.10.05"]
[SourceVersion "1"]
[SourceVersionDate "2022.10.05"]
[SourceQuality "1"]

1. d4 Nf6 2. c4 b6 3. Nf3 Bb7 4. Nbd2 g6 5. g3 Bg7 6. Bg2 0-0 7. 0-0 c5 8. d5 e6 9. e4 exd5 10. exd5 d6 11. Re1 Nbd7 12. Qc2 b5 13. cxb5 Bxd5 14. a4 Qc7 15. Ra3 Rfe8 16. Nc4 Be4 17. Qd1 d5 18. Bf4 Qd8 19. Nd6 Bxf3 20. Bxf3 Rxe1+ 21. Qxe1 Nf8 22. Nb7 Qb6 23. Nd6 Rd8 24. Qe7 Rd7 25. Qe2 Rxd6 26. Bxd6 Qxd6 27. Rd3 Ne6 28. Qd2 Nd4 29. Bg2 Ne4 30. Bxe4 dxe4 31. Re3 Nf3+ 0-1

[Event "Titled Tuesday intern op 04th Oct Late"]
[Site "Chess.com INT"]
[Date "2022.10.04"]
[Round "4"]
[White "Jensen, Matthew R"]
[Black "Mijovic, A."]
[Result "1-0"]
[WhiteElo "2015"]
[BlackElo "2118"]
[PlyCount "31"]
[EventDate "2022.10.04"]
[EventType "swiss (blitz)"]
[EventRounds "11"]
[EventCountry "USA"]
[SourceTitle "EXT 2023"]
[Source "ChessBase"]
[SourceDate "2022.10.05"]
[SourceVersion "1"]
[SourceVersionDate "2022.10.05"]
[SourceQuality "1"]

1. d4 d5 2. c4 Nf6 3. cxd5 Nxd5 4. Nf3 g6 5. e4 Nf6 6. Nc3 Bg7 7. Bc4 0-0 8. e5 Nfd7 9. e6 fxe6 10. Bxe6+ Kh8 11. Ng5 Qe8 12. Qb3 Bf6 13. Nf7+ Kg7 14. Bh6+ Kg8 15. Nd6+ Rf7 16. Bxf7+ 1-0

[Event "Titled Tuesday intern op 04th Oct Late"]
[Site "Chess.com INT"]
[Date "2022.10.04"]
[Round "11"]
[White "Jensen, Matthew R"]
[Black "Tarnowska, Aleksandra"]
[Result "1-0"]
[WhiteElo "2015"]
[BlackElo "1876"]
[PlyCount "91"]
[EventDate "2022.10.04"]
[EventType "swiss (blitz)"]
[EventRounds "11"]
[EventCountry "USA"]
[SourceTitle "EXT 2023"]
[Source "ChessBase"]
[SourceDate "2022.10.05"]
[SourceVersion "1"]
[SourceVersionDate "2022.10.05"]
[SourceQuality "1"]

1. e4 c5 2. Nc3 e6 3. g3 d5 4. exd5 exd5 5. Bg2 d4 6. Nd5 Nc6 7. Ne2 Nf6 8. Nxf6+ Qxf6 9. Nf4 Qe5+ 10. Qe2 Qxe2+ 11. Kxe2 Bf5 12. d3 Bd6 13. Bxc6+ bxc6 14. b3 Kd7 15. f3 Rhe8+ 16. Kf2 Re7 17. Re1 Rxe1 18. Kxe1 Re8+ 19. Kf2 g5 20. Ne2 f6 21. a4 h5 22. Ba3 a5 23. Re1 h4 24. g4 Bg6 25. h3 Re3 26. Bc1 Re6 27. Kf1 Bh7 28. Bd2 Bg6 29. Bxa5 Bh7 30. Bd2 f5 31. Ng1 fxg4 32. Rxe6 Kxe6 33. fxg4 Kf6 34. Nf3 Bc7 35. Bxg5+ Kg6 36. Bxh4 Bg8 37. Be7 Bd5 38. Kg2 Bb6 39. h4 Kf7 40. Bd6 Ke6 41. Bf4 Kf6 42. Kg3 Be6 43. Ne5 Bd5 44. Nd7+ Ke6 45. Nxb6 Ke7 46. Nc4 1-0

[Event "Titled Tuesday intern op 29th Mar Late"]
[Site "Chess.com INT"]
[Date "2022.03.29"]
[Round "9"]
[White "Bachmann, Axel"]
[Black "Jensen, Matthew R"]
[Result "1-0"]
[WhiteElo "2588"]
[BlackElo "2039"]
[PlyCount "111"]
[EventDate "2022.03.29"]
[EventType "swiss (blitz)"]
[EventRounds "11"]
[EventCountry "USA"]
[SourceTitle "CBM 207 Extra"]
[Source "ChessBase"]
[SourceDate "2022.05.31"]
[SourceVersion "1"]
[SourceVersionDate "2022.05.31"]
[SourceQuality "1"]

1. d4 d5 2. Nf3 e6 3. c4 c6 4. g3 dxc4 5. Bg2 b5 6. 0-0 Bb7 7. b3 cxb3 8. Qxb3 Nd7 9. Nc3 Ngf6 10. Rd1 Be7 11. Ne5 Qb6 12. a4 b4 13. a5 Qc7 14. a6 Bxa6 15. Rxa6 bxc3 16. Nxc6 Bd6 17. Qxc3 0-0 18. Ne7+ Kh8 19. Qxc7 Bxc7 20. Bxa8 Rxa8 21. Nc6 Bb6 22. Bb2 Rc8 23. Nxa7 Rc2 24. Ba3 Rxe2 25. Nc6 h5 26. Ne5 Bxd4 27. Nxf7+ Kg8 28. Rxd4 Re1+ 29. Kg2 Kxf7 30. Ra7 Ke8 31. Rd6 Ra1 32. Rxe6+ Kf7 33. Re7+ Kg6 34. Re6 Nf8 35. Rea6 N8h7 36. Bb2 Rb1 37. Bxf6 gxf6 38. Rc7 Rb2 39. h4 Nf8 40. Raa7 Ne6 41. Re7 Kf5 42. Ra5+ Kg6 43. Rxe6 Rc2 44. Raa6 Rc5 45. Rxf6+ Kg7 46. Rfe6 Rc7 47. Rec6 Rb7 48. Rg6+ Kf7 49. Rh6 Kg7 50. Rxh5 Rb2 51. Rg5+ Kf7 52. Rh5 Rb3 53. Rh7+ Kg8 54. Rc7 Rb8 55. Raa7 Ra8 56. Rxa8# 1-0

[Event "Titled Tuesday intern op 29th Mar Late"]
[Site "Chess.com INT"]
[Date "2022.03.29"]
[Round "7"]
[White "Jensen, Matthew R"]
[Black "Koutlas, Nikolaos"]
[Result "0-1"]
[WhiteElo "2039"]
[BlackElo "2251"]
[PlyCount "80"]
[EventDate "2022.03.29"]
[EventType "swiss (blitz)"]
[EventRounds "11"]
[EventCountry "USA"]
[SourceTitle "CBM 207 Extra"]
[Source "ChessBase"]
[SourceDate "2022.05.31"]
[SourceVersion "1"]
[SourceVersionDate "2022.05.31"]
[SourceQuality "1"]

1. d4 b6 2. e4 Bb7 3. Bd3 e6 4. Nf3 c5 5. c3 Nf6 6. e5 Nd5 7. 0-0 cxd4 8. cxd4 Be7 9. Nc3 0-0 10. Ne4 f5 11. exf6 Nxf6 12. Qe2 Nc6 13. Nxf6+ Bxf6 14. Qe4 g6 15. Bh6 Rf7 16. Qg4 Ne7 17. Ne5 Bxe5 18. dxe5 Nf5 19. Bg5 Qf8 20. Rac1 h5 21. Qe2 Kh7 22. Rc7 Bc6 23. Rc1 Kg8 24. Bb5 Nd4 25. Qd3 Nxb5 26. Qxg6+ Rg7 27. Qxh5 Qf5 28. R7xc6 dxc6 29. h4 Nd4 30. Qd1 c5 31. b4 Qe4 32. bxc5 Ne2+ 33. Kf1 Nxc1 34. Qxc1 bxc5 35. Qc3 Qb1+ 36. Ke2 Qxa2+ 37. Kf3 Qd5+ 38. Ke3 Qd4+ 39. Qxd4 cxd4+ 40. Kxd4 a5 0-1

[Event "Titled Tuesday intern op 29th Mar Late"]
[Site "Chess.com INT"]
[Date "2022.03.29"]
[Round "5"]
[White "Jensen, Matthew R"]
[Black "Van den Dikkenberg, Erik"]
[Result "1-0"]
[WhiteElo "2039"]
[BlackElo "2160"]
[PlyCount "135"]
[EventDate "2022.03.29"]
[EventType "swiss (blitz)"]
[EventRounds "11"]
[EventCountry "USA"]
[SourceTitle "CBM 207 Extra"]
[Source "ChessBase"]
[SourceDate "2022.05.31"]
[SourceVersion "1"]
[SourceVersionDate "2022.05.31"]
[SourceQuality "1"]

1. d4 Nf6 2. c4 e6 3. Nc3 Bb4 4. Nf3 0-0 5. Bg5 c5 6. e3 h6 7. Bxf6 Qxf6 8. Rc1 Nc6 9. Be2 d6 10. 0-0 Bxc3 11. Rxc3 b6 12. dxc5 dxc5 13. Nd2 Ne5 14. Ne4 Qg6 15. Ng3 Bb7 16. f4 Rad8 17. Qc1 Nd3 18. Qc2 Nb4 19. Qxg6 fxg6 20. a3 Nc6 21. Rd3 Na5 22. Rfd1 Rxd3 23. Rxd3 Nxc4 24. Rd7 Na5 25. b4 Bc8 26. Rxa7 cxb4 27. axb4 Nc6 28. Rc7 Nxb4 29. Bc4 Nd5 30. Bxd5 exd5 31. Ne2 Ba6 32. Nd4 Bc4 33. Ne6 Rf7 34. Rc8+ Kh7 35. Nf8+ Kg8 36. Nxg6+ Kh7 37. Ne5 Ra7 38. Nxc4 dxc4 39. Rxc4 Ra2 40. Rb4 Ra3 41. Kf2 Ra2+ 42. Kf3 Ra6 43. g4 Kg6 44. h4 h5 45. f5+ Kf6 46. e4 Ra3+ 47. Kf4 Ra6 48. e5+ Kf7 49. g5 Ke7 50. g6 Kd7 51. Kg5 Ra5 52. Rxb6 Rxe5 53. Rb7+ Ke8 54. Rxg7 Kf8 55. Rf7+ Kg8 56. Ra7 Re4 57. Kf6 Re8 58. Rg7+ Kf8 59. Rh7 Kg8 60. Rxh5 Rf8+ 61. Kg5 Re8 62. Rh7 Rf8 63. Re7 Kh8 64. g7+ Kg8 65. gxf8Q+ Kxf8 66. Ra7 Kg8 67. Kf6 Kf8 68. Ra8# 1-0

[Event "Titled Tuesday intern op 29th Mar Late"]
[Site "Chess.com INT"]
[Date "2022.03.29"]
[Round "11"]
[White "Vifleemskaia, Svetlana"]
[Black "Jensen, Matthew R"]
[Result "1-0"]
[WhiteElo "1926"]
[BlackElo "2039"]
[PlyCount "113"]
[EventDate "2022.03.29"]
[EventType "swiss (blitz)"]
[EventRounds "11"]
[EventCountry "USA"]
[SourceTitle "CBM 207 Extra"]
[Source "ChessBase"]
[SourceDate "2022.05.31"]
[SourceVersion "1"]
[SourceVersionDate "2022.05.31"]
[SourceQuality "1"]

1. d4 d5 2. c4 c6 3. cxd5 cxd5 4. Bf4 Nc6 5. e3 e5 6. Bxe5 Bb4+ 7. Nc3 Nxe5 8. dxe5 Ne7 9. Bb5+ Bd7 10. Bxd7+ Qxd7 11. Nge2 0-0 12. 0-0 Nc6 13. Qxd5 Qf5 14. Qe4 Qxe5 15. Qxe5 Nxe5 16. Rfd1 Rfd8 17. a3 Ba5 18. b4 Bb6 19. Nd5 Nc4 20. h3 Kf8 21. Nef4 g5 22. Nh5 Rd6 23. Ndf6 Rad8 24. Nxh7+ Ke7 25. Rxd6 Rxd6 26. Nxg5 Nxe3 27. Re1 Rd1 28. Rxd1 Nxd1 29. Ne4 f5 30. Nc5 Nc3 31. Nxb7 Nb1 32. a4 Nc3 33. a5 Bd4 34. Nf4 Ne4 35. Nd3 Kd7 36. Nbc5+ Kc6 37. g4 Ng5 38. Kg2 fxg4 39. hxg4 Bc3 40. f4 Nf7 41. Ne4 Bd4 42. Kf3 Kb5 43. g5 Bc3 44. g6 Nh6 45. Nd6+ Kc6 46. Nf7 Nxf7 47. gxf7 Bg7 48. Ke4 Kd7 49. Kf5 Ke7 50. Kg6 Bf8 51. Ne5 Ke6 52. Nc6 Kd7 53. Nxa7 Bxb4 54. a6 Kc7 55. Kg7 Kb6 56. f8Q Bxf8+ 57. Kxf8 1-0

[Event "Titled Tuesday intern op 6th June"]
[Site "Chess.com INT"]
[Date "2017.06.06"]
[Round "3"]
[White "Jensen, Matthew R"]
[Black "Rosen, Eric S"]
[Result "0-1"]
[WhiteElo "2039"]
[BlackElo "2372"]
[PlyCount "110"]
[EventDate "2017.06.06"]
[EventType "swiss (blitz)"]
[EventRounds "10"]
[EventCountry "USA"]
[SourceTitle "EXT 2021"]
[Source "ChessBase"]
[SourceDate "2020.10.23"]
[SourceVersion "1"]
[SourceVersionDate "2020.10.23"]
[SourceQuality "1"]

1. e4 c5 2. Nf3 e6 3. b3 b6 4. Bb2 Bb7 5. d3 Nc6 6. g3 Qc7 7. Bg2 Nf6 8. Nbd2 d6 9. 0-0 Be7 10. c4 0-0 11. d4 cxd4 12. Nxd4 Rac8 13. Qe2 a6 14. Rfc1 Qb8 15. Rab1 Rfd8 16. Ba1 Qa8 17. Nc2 Ne5 18. f4 Ned7 19. Nd4 b5 20. cxb5 axb5 21. Nxb5 Qxa2 22. Nc3 Qa7+ 23. Qf2 Qa8 24. h3 Nc5 25. Qe3 d5 26. exd5 Nxd5 27. Nxd5 Bxd5 28. Bxd5 Qxd5 29. Nf3 Ne4 30. Kh2 Ra8 31. Qd4 Ra2+ 32. Kg1 Qxd4+ 33. Bxd4 Nxg3 34. Rb2 Rxb2 35. Bxb2 Ne2+ 36. Kf2 Nxc1 37. Bxc1 Rb8 38. Nd2 Bb4 39. Nc4 Bc5+ 40. Kg2 Rxb3 41. Ne5 Bd6 42. Ng4 h5 43. Nf2 Rc3 44. Bb2 Rc2 45. Bd4 Bxf4 46. Kf3 Bd6 47. Ne4 Be7 48. Ng3 g6 49. Ne4 Rc4 50. Be3 Ra4 51. Nf2 f5 52. Nd3 Ra3 53. Ne5 Bc5 54. Nc4 Rxe3+ 55. Nxe3 Bxe3 0-1

[Event "PRO League Stage"]
[Site "Chess.com INT"]
[Date "2017.02.15"]
[Round "6"]
[White "Jensen, Matthew R"]
[Black "Durarbayli, Vasif"]
[Result "0-1"]
[WhiteElo "2039"]
[BlackElo "2616"]
[PlyCount "76"]
[EventDate "2017.01.11"]
[EventType "team-swiss (rapid)"]
[EventRounds "7"]
[EventCountry "USA"]
[SourceTitle "CBM 176 Extra"]
[Source "ChessBase"]
[SourceDate "2017.03.02"]
[SourceVersion "1"]
[SourceVersionDate "2017.03.02"]
[SourceQuality "1"]
[WhiteTeam "Minnesota Blizzard"]
[BlackTeam "Webster Windmills"]
[WhiteTeamCountry "UAE"]
[BlackTeamCountry "USA"]

1. d4 e6 2. c4 b6 3. Nf3 Bb7 4. g3 f5 5. Bg2 Nf6 6. Nc3 Bb4 7. 0-0 0-0 8. Qc2 Qe7 9. a3 Bxc3 10. Qxc3 d6 11. b4 Nbd7 12. Bb2 a5 13. d5 exd5 14. Nd4 Ne4 15. Qc2 c5 16. f3 Nxg3 17. hxg3 Qe3+ 18. Kh2 cxd4 19. Qd3 Qh6+ 20. Kg1 Ne5 21. Qxd4 Nxc4 22. Bc1 Qe6 23. f4 axb4 24. axb4 Rxa1 25. Qxa1 Qxe2 26. Qd4 h6 27. Bxd5+ Bxd5 28. Qxd5+ Kh7 29. Rf2 Qe1+ 30. Rf1 Qxg3+ 31. Qg2 Qxg2+ 32. Kxg2 Kg6 33. Rf2 Kf7 34. Rc2 b5 35. Ra2 Re8 36. Ra7+ Re7 37. Ra2 Re1 38. Ra7+ Kg6 0-1

[Event "Titled Tuesday intern op 7th June"]
[Site "Chess.com INT"]
[Date "2016.06.07"]
[Round "2"]
[White "Jensen, Matthew R"]
[Black "Drozdowski, Kacper"]
[Result "0-1"]
[WhiteElo "2039"]
[BlackElo "2490"]
[PlyCount "116"]
[EventDate "2016.06.07"]
[EventType "swiss (blitz)"]
[EventRounds "9"]
[EventCountry "USA"]
[SourceTitle "EXT 2021"]
[Source "ChessBase"]
[SourceDate "2020.10.23"]
[SourceVersion "1"]
[SourceVersionDate "2020.10.23"]
[SourceQuality "1"]

1. d4 Nf6 2. c4 d6 3. Nc3 Bf5 4. Nf3 Nbd7 5. e3 c5 6. d5 h6 7. Be2 a6 8. 0-0 e5 9. dxe6 Bxe6 10. e4 Qb8 11. h3 Be7 12. Bf4 0-0 13. Qc2 Ne5 14. Nxe5 dxe5 15. Be3 Bd6 16. Rad1 Rd8 17. Rd2 b6 18. Rfd1 Bc7 19. Rxd8+ Bxd8 20. Nd5 Bxd5 21. exd5 Ne8 22. Qf5 Nd6 23. Qxe5 Bf6 24. Qg3 Nf5 25. Qxb8+ Rxb8 26. Bf4 Rd8 27. b3 Nd4 28. Bd3 g5 29. Bc7 Rc8 30. Bxb6 Be7 31. Re1 Bd6 32. Bf1 Nc2 33. Rc1 Nd4 34. Bd3 Kf8 35. Ba5 Re8 36. Bc3 Ne2+ 37. Bxe2 Rxe2 38. a3 Ra2 39. b4 Rxa3 40. bxc5 Bxc5 41. Be5 a5 42. d6 Ke8 43. Rb1 Bb4 44. Bg7 h5 45. Bf6 g4 46. hxg4 hxg4 47. Be5 Kd7 48. c5 Rd3 49. Rc1 Kc6 50. Rc4 Rd5 51. Bf4 Rxc5 52. Rxc5+ Bxc5 53. Kf1 Bxd6 54. Bc1 a4 55. Ke2 a3 56. f4 a2 57. Bb2 Bxf4 58. Kd3 Kd5 0-1

[Event "Titled Tuesday intern op 7th June"]
[Site "Chess.com INT"]
[Date "2016.06.07"]
[Round "4"]
[White "Jensen, Matthew R"]
[Black "Kiewra, Keaton F"]
[Result "0-1"]
[WhiteElo "2039"]
[BlackElo "2425"]
[PlyCount "44"]
[EventDate "2016.06.07"]
[EventType "swiss (blitz)"]
[EventRounds "9"]
[EventCountry "USA"]
[SourceTitle "EXT 2021"]
[Source "ChessBase"]
[SourceDate "2020.10.23"]
[SourceVersion "1"]
[SourceVersionDate "2020.10.23"]
[SourceQuality "1"]

1. d4 Nf6 2. c4 g6 3. Nc3 Bg7 4. e4 0-0 5. Nf3 d6 6. h3 e5 7. d5 Qe8 8. Be3 Nh5 9. g3 f5 10. Be2 f4 11. gxf4 Nxf4 12. Bxf4 exf4 13. Qc2 a5 14. Ng5 Na6 15. a3 Nc5 16. Nb5 Qe7 17. h4 h6 18. Nf3 Nxe4 19. 0-0-0 Nxf2 20. Bd3 Qe3+ 21. Nd2 Nxd3+ 22. Kb1 Bf5 0-1

[Event "Titled Tuesday intern op 5th Jan"]
[Site "Chess.com INT"]
[Date "2016.01.05"]
[Round "1"]
[White "Jensen, Matthew R"]
[Black "Inarkiev, Ernesto"]
[Result "0-1"]
[WhiteElo "2038"]
[BlackElo "2676"]
[PlyCount "70"]
[EventDate "2016.01.05"]
[EventType "swiss (blitz)"]
[EventRounds "9"]
[EventCountry "USA"]
[SourceTitle "EXT 2021"]
[Source "ChessBase"]
[SourceDate "2020.10.23"]
[SourceVersion "1"]
[SourceVersionDate "2020.10.23"]
[SourceQuality "1"]

1. d4 Nf6 2. Nf3 e6 3. b3 c5 4. Bb2 cxd4 5. Nxd4 e5 6. Nf3 d6 7. g3 Nc6 8. Bg2 Be7 9. 0-0 0-0 10. c4 h6 11. Nc3 Be6 12. Ne1 Qd7 13. Nc2 a6 14. Ne3 b5 15. cxb5 axb5 16. Nxb5 d5 17. a4 Rfd8 18. Rc1 Rac8 19. Rxc6 Rxc6 20. Bxe5 Bh3 21. Qd4 Bxg2 22. Kxg2 Bc5 23. Qd3 Bxe3 24. Qxe3 Ng4 25. Qd4 Nxe5 26. Qxe5 Re6 27. Qb2 d4 28. Rd1 Qb7+ 29. Kg1 d3 30. e3 Qf3 31. Qd2 h5 32. Nd4 Rxd4 33. exd4 h4 34. h3 hxg3 35. fxg3 Re2 0-1